[Event "Enschede op-A U18"]
[Site "Enschede"]
[Date "2009.08.05"]
[Round "6"]
[White "Rieksen, Richard"]
[Black "Sharshov, Wadim"]
[Result "1/2-1/2"]
[WhiteElo "1730"]
[BlackElo "1825"]
[PlyCount "38"]
[EventDate "2009.08.03"]
[EventType "swiss"]
[EventRounds "9"]
[EventCountry "NED"]
[SourceTitle "CBM 132 Extra"]
[Source "ChessBase"]
[SourceDate "2009.11.03"]
[SourceVersion "1"]
[SourceVersionDate "2009.11.03"]
[SourceQuality "1"]

1. e4 c6 2. d4 d5 3. Nc3 dxe4 4. Nxe4 Nf6 5. Nxf6+ exf6 6. c3 Bf5 7. Ne2 Bd6 8. Ng3 Bg6 9. Be2 0-0 10. f4 Re8 11. 0-0 Be4 12. Nxe4 Rxe4 13. Bd3 Re7 14. Rf3 g6 15. Bd2 Nd7 16. Rg3 Kh8 17. Rh3 Nf8 18. f5 Qc7 19. Qg4 Kg8 1/2-1/2

[Event "Twente Young Master op-B"]
[Site "Twente"]
[Date "2007.08.08"]
[Round "5"]
[White "Meurs, Tom WA"]
[Black "Rieksen, Richard"]
[Result "1-0"]
[WhiteElo "2103"]
[BlackElo "1709"]
[PlyCount "63"]
[EventDate "2007.08.06"]
[EventType "swiss"]
[EventRounds "9"]
[EventCountry "NED"]
[SourceTitle "EXT 2008"]
[Source "ChessBase"]
[SourceDate "2007.11.25"]
[SourceVersion "1"]
[SourceVersionDate "2007.11.25"]
[SourceQuality "1"]

1. e4 c5 2. Nf3 d6 3. d4 cxd4 4. Nxd4 Nf6 5. Nc3 g6 6. Be3 Bg7 7. f3 Nc6 8. Qd2 0-0 9. 0-0-0 Bd7 10. g4 Rc8 11. h4 Ne5 12. h5 Nc4 13. Bxc4 Rxc4 14. hxg6 fxg6 15. Kb1 a5 16. e5 dxe5 17. Ne6 Bxe6 18. Qxd8 Rxd8 19. Rxd8+ Kf7 20. Ra8 e4 21. g5 Nd5 22. Nxd5 Bxd5 23. Rxa5 Bc6 24. fxe4 Bxe4 25. Rf1+ Ke6 26. Rf2 Bf5 27. a3 Rg4 28. Rb5 Rg1+ 29. Ka2 Be4 30. Rb6+ Bc6 31. Re2 Rd1 32. Bd4+ 1-0

[Event "Twente Young Master op-B"]
[Site "Twente"]
[Date "2007.08.07"]
[Round "2"]
[White "Rieksen, Richard"]
[Black "Blom, Vincent"]
[Result "0-1"]
[WhiteElo "1709"]
[BlackElo "1924"]
[PlyCount "78"]
[EventDate "2007.08.06"]
[EventType "swiss"]
[EventRounds "9"]
[EventCountry "NED"]
[SourceTitle "EXT 2008"]
[Source "ChessBase"]
[SourceDate "2007.11.25"]
[SourceVersion "1"]
[SourceVersionDate "2007.11.25"]
[SourceQuality "1"]

1. e4 c5 2. Nf3 Nc6 3. d4 cxd4 4. Nxd4 e5 5. Nb5 d6 6. N1c3 a6 7. Na3 b5 8. Nd5 Nf6 9. Bg5 Be7 10. Bxf6 Bxf6 11. c4 b4 12. Nc2 Rb8 13. b3 0-0 14. Be2 Bg5 15. Nce3 Nd4 16. Bg4 Bxe3 17. Nxe3 Bb7 18. Qd3 Qg5 19. h4 Qf4 20. f3 g6 21. Rh3 h5 22. g3 Qh6 23. Bxh5 Qxh5 24. g4 Qh6 25. g5 Qh5 26. Kf2 f5 27. exf5 gxf5 28. Rg1 Bxf3 29. g6 Bg4 30. Rhg3 Qxh4 31. Ng2 Qh6 32. g7 Kxg7 33. Ne3 Qf4+ 34. Kg2 Rh8 35. Nxg4 fxg4 36. Rf1 Qg5 37. Qd1 Rh4 38. Rf2 Rbh8 39. Rf1 Rh2+ 0-1